000 00700nam a2200241 a 4500
001 2835
003 BD-RjUL
005 20211208233628.0
008 160921s1973 ii b 000 0 eng u
035 _a(BD-RjUL)2862
040 _cORL
_dm.c.
_aBD-RjUL
_beng
041 _aeng
082 _223
_a330.954
_bBHU 1973
100 1 _aBhattacharyya, Dhires.
_98263
245 1 0 _aUnderstanding India's economy :
_ba course of analysis /
_cDhires Bhattacharyya.
250 _a5th ed. (rev.)
260 _aCalcutta :
_bProgressive Publishers,
_c1973.
300 _av. ;
_c22 cm.
504 _aIncludes bibliographies.
505 _aVol. 1--
650 _aEconomic conditions
_zIndia
_9157107
942 _2ddc
_cBK
999 _c2835
_d2835